The two kashmirs: (Record no. 194477)

MARC details
000 -LEADER
fixed length control field 00652nam a22001817a 4500
005 - DATE AND TIME OF LATEST TRANSACTION
control field 20221222160310.0
010 ## - LCCN (DPL NO)
LC control number ENG-135926
020 ## - INTERNATIONAL STANDARD BOOK NUMBER
International Standard Book Number 9789390961498
Terms of availability 495.00
035 ## - SYSTEM CONTROL NUMBER
System control number EN-119458
037 ## - SOURCE OF ACQUISITION
Source of stock number/acquisition DBAD/PUB
082 ## - DEWEY DECIMAL CLASSIFICATION NUMBER
Classification number 954.11
100 ## - MAIN ENTRY--PERSONAL NAME
Personal name Jehangir, Sheikh Khalid
245 ## - TITLE STATEMENT
Title The two kashmirs:
Remainder of title a comparative analysis/
Statement of responsibility, etc by Sheikh Khalid Jehangir
260 ## - PUBLICATION, DISTRIBUTION, ETC. (IMPRINT)
Place of publication, distribution, etc New Delhi
Name of publisher, distributor, etc Vitasta publishing pvt. ltd.
Date of publication, distribution, etc 2023
270 ## - ADDRESS
Address 2/15, Ansari road, daryaganj
City New Delhi
Postal code 110002
Electronic mail address info@vitastapublishing.com
300 ## - PHYSICAL DESCRIPTION
Extent ix,191p.
Dimensions 20cm(pbk)
Other physical details Abbreviations, Bibliography, List of tables & maps
942 ## - ADDED ENTRY ELEMENTS (KOHA)
Source of classification or shelving scheme Dewey Decimal Classification
Item type English Books
Call number suffix JEH
Classification part 954.11
Holdings
Withdrawn status Lost status Not for loan Collection code Home library Current library Date acquired Source of acquisition Cost, normal purchase price Full call number Barcode Copy number Cost, replacement price Koha item type
    Not For Loan Non-fiction D.B.Act.Division D.B.Act.Division 22/12/2022 DBAD/PUB 495.00 954.11 JEH EN-119458 1 495.00 English Books
        Diz Area Diz Area 07/02/2023     954.11 JEH       English Books

© Delhi Public Library
Hit Counter
free hit counter